000 00573nam a2200241Ia 4500
003 OSt
005 20221007100902.0
006 a|||||r|||| 00| 0
007 ta
008 221006b |||||||| |||| 00| 0 eng d
024 _a5,368
037 _cTextual
040 _aLCO
_cLCO
_beng
041 _2eng
_aeng
082 _aZ2,98,1, K9
100 _aANAJWALA C C
245 0 _aConveyancing
260 _aAllahabad
_c1969
300 _a378
650 _aCONVEYANCING
_9684594
942 _hZ2,98,1, K9
_cTEXL
999 _c1174931
_d1174931